000 00415pab a2200145 454500
008 180718b xxu||||| |||| 00| 0 eng d
100 _aHiroyuki, Yamada
245 _aA study of the urbanization process in port-war Japan
650 _a Urbanization
650 _a Japan
650 _aUrbanization - Japan
700 _aKazuyu Ki, Tokuoka
773 _aReview of Urban and Regional Development Studies
909 _a1905
999 _c1905
_d1905